|
|
|
|
| LEADER |
00000nab a2200000 a 4500 |
| 001 |
vtls010511269 |
| 003 |
SK-MaSNL |
| 005 |
20260303090427.0 |
| 008 |
171108c20130517xo drz 0 0slo |
| 038 |
|
|
|a KEVKJB
|
| 040 |
|
|
|a KEVKJB
|b slo
|c KEVKJB
|e AACR2
|
| 041 |
0 |
|
|a slo
|
| 044 |
|
|
|a xo
|c SK
|
| 080 |
|
|
|a 323.15(=411.16)
|2 2001
|
| 100 |
1 |
|
|a Kolcun, Milan,
|d 1969-
|4 aut
|9 105317
|
| 245 |
1 |
0 |
|a Večné škvrny na mape Košíc
|b potulky židovskými Košicami
|n 5. časť
|c Milan Kolcun
|
| 300 |
|
|
|b Fotogr.
|
| 650 |
0 |
7 |
|a Potulky židovskými Košicami (tematické prehliadky)
|2 kevkjb
|9 1097233
|
| 650 |
0 |
7 |
|a židovské getá
|2 kevkj
|9 81455
|
| 651 |
|
7 |
|a Židia
|z Košice (Slovensko)
|2 kevkj
|9 1050620
|
| 651 |
|
7 |
|a Košice (Slovensko)
|2 kevkjb
|9 18694
|
| 773 |
0 |
|
|t Korzár : denník Košického kraja
|g Roč. XVI., č. č. 113 (17.5.2013)
|x 1338-659X
|
| 773 |
0 |
8 |
|i Príl.:
|t Pohoda
|g S. 4
|
| 852 |
|
|
|a KEVKJB
|b KIS3GCP
|
| 958 |
|
|
|a ZD
|
| 999 |
|
|
|c 1803250
|d 1805180
|